| 000 | 00705nam a2200241 a 4500 | ||
|---|---|---|---|
| 008 | |||
| 020 | _a0435401602 (pbk.) | ||
| 049 | _aMAIN | ||
| 090 |
_aLB1139 _bBUL |
||
| 100 | 1 | _aBulman, Kath. | |
| 245 | 1 | 0 |
_aEarly years care and education / _cKath Bulman, Penny Tassoni, Alan Gough , Harriet Eldridge. |
| 260 |
_aOxford : _bHeinmann Educational, _c1999. |
||
| 300 |
_avi, 362p. : _bill. ; _c27 cm. |
||
| 500 | _aIncludes index. | ||
| 700 | _aTasson, Penny. | ||
| 700 | _aGough, Alan. | ||
| 700 | _aEldrige, Harriet. | ||
| 907 |
_a.b10184314 _b22-02-10 _c04-01-06 |
||
| 003 | |||
| 005 | 20230123134134.0 | ||
| 040 | _cNUST | ||
| 942 |
_cBOOKS _kLB1139 _mBUL |
||
| 999 |
_c160722 _d160722 |
||